| 000 | 00679nam a22002175i 4500 | ||
|---|---|---|---|
| 001 | 176944 | ||
| 003 | ES-MaACL | ||
| 005 | 20230906220221.0 | ||
| 008 | 110221s1989 sp |||| | spa d | ||
| 020 | _a84-7669-103-3 | ||
| 080 | _a27"00/05" | ||
| 100 | 1 |
_aMontserrat Torrents, José. _982748 |
|
| 245 | 1 | 3 |
_aLa sinagoga cristiana _b: el gran conflicto religioso del siglo I / _cJosé Montserrat Torrents. |
| 260 |
_aBarcelona : _bMuchnik, _cimp. 1989. |
||
| 300 |
_a349 p. ; _c22 cm. |
||
| 490 | 1 |
_aReligiones ; _v1 |
|
| 650 |
_aCristianismo- _xHistoria- _yS.I-VI. _9163038 |
||
| 830 | 0 |
_aReligiones ; _v1 _9224112 |
|
| 852 |
_aES-MaACL _jE-14367 |
||
| 999 |
_c176944 _d176944 |
||